000 01023nam a2200349 a 4500
001 000114228
003 CHAP
005 20220329144432.0
008 171127s1978 es |r| ||||||spa d
010 _a110689
011 _a111661
020 _a8474440122
040 _cCHAP
082 0 4 _a305.4
_bM27
100 1 _aManieri, Rosaria
_9134142
245 1 0 _aMujer y capital /
_cpor Rosaria Manieri.
260 _aMadrid :
_bDebate,
_c1978.
300 _a182 p.
490 _aTribuna feminista
534 _pDonna e Capitale
590 _aBATCH-UPD
_b05
_c20171127
_lUCH01
_h1116
590 _aBATCH-UPD
_b05
_c20171127
_lUCH01
_h1117
590 _aBATCH-UPD
_b10
_c20171128
_lUCH01
_h0930
590 _aE11695DGD
_b10
_c20171128
_lUCH01
_h0929
590 _aE5765TAJ
_b05
_c20171127
_lUCH01
_h1115
650 1 4 _aMujeres
_xHistoria y condición de la mujer.
_9134143
650 1 4 _aMujeres
_xProblemas sociales y morales.
_9134144
830 0 _aTribuna feminista
_9134145
901 _aBK
942 _cLIBRO
942 _n0
999 _c110689
_d110689